Royal persons : patriarchal monarchy and the feminine principle /

محفوظ في:

المؤلف الرئيسي: Springborg, Patricia (مؤلف)

التنسيق: كتاب

اللغة: English

منشور في: London ; Boston : Unwin Hyman, 1990.

الموضوعات:

الوسوم: إضافة وسم

لا توجد وسوم, كن أول من يضع وسما على هذه التسجيلة!

رقم الطلب: BL2450 .Q44 S67 1990

LEADER 00991nam a2200313 a 4500
001 2007
003 OSt
005 20251013074535.0
008 130303s1990 enka b 001 0 eng d
010 |a 89028768 
020 |a 0044453760 
035 |a (OCoLC)20594309 
035 |a 1262647 
040 |c ARCE Library 
043 |a f-ua--- 
050 4 |a BL2450 .Q44 S67 1990 
100 1 |a Springborg, Patricia,   |e author 
245 1 0 |a Royal persons :  |b patriarchal monarchy and the feminine principle /  |c Patricia Springborg. 
264 1 |a London ;  |a Boston :  |b Unwin Hyman,  |c 1990. 
300 |a xv, 326 pages :  |b illustrations ;  |c 24 cm. 
504 |a Includes bibliographical references (pages 298-315) and index. 
650 0 |a Queens  |z Egypt. 
650 0 |a Patriarchy  |x Religious aspects. 
650 0 |a Mythology, Egyptian. 
651 0 |a Egypt  |x Kings and rulers  |x Mythology. 
740 0 2 |a Patriarchal monarchy and the feminine principle. 
901 |a reviewed 
942 |c BK  |2 lcc 
999 |c 5863  |d 5863